Régimen legal de la educación en Colombia (Registro nro. 6858)

Detalles MARC
000 -LEADER
fixed length control field 01251nam a22002897a 4500
003 - CONTROL NUMBER IDENTIFIER
control field OSt
005 - DATE AND TIME OF LATEST TRANSACTION
control field 20200918110424.0
008 - FIXED-LENGTH DATA ELEMENTS--GENERAL INFORMATION
fixed length control field 200918s2001 ck ||||grl||| 00| 0 spa d
022 ## - INTERNATIONAL STANDARD SERIAL NUMBER
International Standard Serial Number 16573641
040 ## - CATALOGING SOURCE
Original cataloging agency CO-JMCR
Transcribing agency CO-JMCR
041 0# - LANGUAGE CODE
Language code of text/sound track or separate title spa
082 04 - DEWEY DECIMAL CLASSIFICATION NUMBER
Classification number 370 /
Item number C718r
Edition number 23
110 1# - MAIN ENTRY--CORPORATE NAME
Corporate name or jurisdiction name as entry element Colombia
9 (RLIN) 8040
243 1# - COLLECTIVE UNIFORM TITLE
Unifor title <a href="Leyes ">Leyes </a>
245 10 - TITLE STATEMENT
Title Régimen legal de la educación en Colombia
250 ## - EDITION STATEMENT
Edition statement Segunda edición
260 ## - PUBLICATION, DISTRIBUTION, ETC.
Place of publication, distribution, etc. Bogotá :
Name of publisher, distributor, etc. Legis,
Date of publication, distribution, etc. 2001.
300 ## - PHYSICAL DESCRIPTION
Extent xl, 742 páginas ;
Dimensions 24 cm.
500 ## - GENERAL NOTE
General note Incluye índice alfabético, informativo.
505 0# - FORMATTED CONTENTS NOTE
Formatted contents note Investigación y desarrollo pedagógico -- Descentralización educativa -- Régimen legal docente del Distrito Capital de Santafé de Bogotá -- Normatividad Icfes e Icetex -- Régimen laboral del sector docente -- Suplemento: Ley 190 de 1995 ; Principales instituciones universitarias técnicas y tecnológicas aprobadas por el Icfes.
650 24 - SUBJECT ADDED ENTRY--TOPICAL TERM
Topical term or geographic name entry element Educación
General subdivision Legislación
Geographic subdivision Colombia
9 (RLIN) 10477
650 24 - SUBJECT ADDED ENTRY--TOPICAL TERM
Topical term or geographic name entry element Personal docente
General subdivision Legislación
Geographic subdivision Colombia
9 (RLIN) 10478
650 24 - SUBJECT ADDED ENTRY--TOPICAL TERM
Topical term or geographic name entry element Educación y Estado
General subdivision Legislación
Geographic subdivision Colombia
9 (RLIN) 10479
650 24 - SUBJECT ADDED ENTRY--TOPICAL TERM
Topical term or geographic name entry element Educación superior|z|v
General subdivision Directorios
Geographic subdivision Colombia
9 (RLIN) 10480
710 10 - ADDED ENTRY--CORPORATE NAME
Corporate name or jurisdiction name as entry element Colombia.
Subordinate unit Ley general de educación
9 (RLIN) 10481
942 ## - ADDED ENTRY ELEMENTS (KOHA)
Source of classification or shelving scheme Dewey Decimal Classification
Koha item type Books
Existencias
Withdrawn status Lost status Source of classification or shelving scheme Damaged status Not for loan Home library Current library Shelving location Date acquired Source of acquisition Total Checkouts Full call number Barcode Date last seen Date last checked out Copy number Price effective from Koha item type
    Dewey Decimal Classification     Biblioteca Pública José María del Castillo y Rada Biblioteca Pública José María del Castillo y Rada General Stacks 04/15/2018 Donación 1 370 / C718r 201809803 05/16/2024 04/18/2024 Ej.1 04/15/2018 Books